Los vertebrados fósiles de la Comunidad de Madrid / (Record no. 145135)

MARC details
000 -LEADER
campo de control de longitud fija 00977nam a2200229 4500
001 - NÚMERO DE CONTROL
campo de control 145135
003 - IDENTIFICADOR DE NÚMERO DE CONTROL
campo de control ES-MaACL
005 - FECHA Y HORA DE LA ÚLTIMA TRANSACCIÓN
campo de control 20230906201153.0
007 - CAMPO FIJO DE DESCRIPCIÓN FÍSICA--INFORMACIÓN GENERAL
campo de control de longitud fija t|
008 - DATOS DE LONGITUD FIJA--INFORMACIÓN GENERAL
campo de control de longitud fija 070214q1987 sp r ||||1| spa d
100 1# - ENTRADA PRINCIPAL--NOMBRE DE PERSONA
Nombre de persona Soto Rodríguez, Enrique.
9 (RLIN) 107528
245 14 - MENCIÓN DEL TÍTULO
Título Los vertebrados fósiles de la Comunidad de Madrid /
Mención de responsabilidad, etc. Enrique Soto Rodríguez, Carmen Seré Benito ; ilustraciones de Miguel García Ramos.
260 ## - PUBLICACIÓN, DISTRIBUCIÓN, ETC.
Lugar de publicación, distribución, etc. Madrid :
Nombre del editor, distribuidor, etc. Comunidad de Madrid, Consejería de Agricultura y Ganadería , Servicio del Medio Natural,
Fecha de publicación, distribución, etc. [1987?]
300 ## - DESCRIPCIÓN FÍSICA
Extensión 107 p. :
Otras características físicas il. ;
Dimensiones 23 cm.
490 1# - MENCIÓN DE SERIE
Mención de serie Cuadernos madrileños de la naturaleza
700 1# - ENTRADA AGREGADA--NOMBRE PERSONAL
Nombre de persona Seré Benito, Carmen.
9 (RLIN) 105530
700 1# - ENTRADA AGREGADA--NOMBRE PERSONAL
Nombre de persona García Ramos, Miguel.
9 (RLIN) 55159
710 00 - ENTRADA AGREGADA--NOMBRE DE ENTIDAD CORPORATIVA
Nombre de entidad corporativa o nombre de jurisdicción como elemento de entrada Madrid (Comunidad Autónoma).
Unidad subordinada Consejería de Agricultura y Ganadería. Servicio del Medio Natural.
9 (RLIN) 5593
830 0# - PUNTO DE ACCESO ADICIONAL DE SERIE-TÍTULO UNIFORME
Título uniforme Cuadernos madrileños de la naturaleza
9 (RLIN) 220735
852 ## - LOCALIZACIÓN
Ubicación ES-MaACL
Número de control de estantería G-3504
Sublocalización o colección R.114846
Holdings
Estatus retirado Estado de pérdida Estado de daño No para préstamo Biblioteca de origen Biblioteca actual Ubicación en estantería Fecha de adquisición Fuente de adquisición Total de préstamos Signatura topográfica completa Código de barras Visto por última vez Precio de reemplazo Tipo de ítem Koha
        Biblioteca del Ateneo de Madrid Biblioteca del Ateneo de Madrid Depósito 2 17/01/2008     G-3504 1151500 23/02/2023 23/02/2023 Libro impreso